| 000 | 00423nam a2200181Ia 4500 | ||
|---|---|---|---|
| 001 | 3073 | ||
| 005 | 20260306144854.0 | ||
| 008 | 260306t1969||||xx |||||||||||||| ||spa|| | ||
| 041 | _aESP | ||
| 082 |
_a249.77 _bG79 |
||
| 100 |
_aGrelot, Pierre _eAUT |
||
| 245 | 0 | _aEl ministerio de la nueva alianza | |
| 260 | _c1969 | ||
| 300 |
_a206 páginas : _c20 cm. |
||
| 650 | _aGEN | ||
| 654 | _aCHU | ||
| 942 |
_cLIB _dJUS _fJUS _2ddc _n |
||
| 999 |
_c3073 _d3073 |
||